[Event "UGA-ch op"]
[Site "Kampala"]
[Date "2017.11.12"]
[Round "8"]
[White "David, Maluak"]
[Black "Luberenga, Godfrey"]
[Result "1-0"]
[WhiteElo "2157"]
[BlackElo "1891"]
[PlyCount "36"]
[EventDate "2017.11.09"]
[EventType "swiss"]
[EventRounds "8"]
[EventCountry "UGA"]
[SourceTitle "EXT 2019"]
[Source "ChessBase"]
[SourceDate "2018.10.10"]
[SourceVersion "1"]
[SourceVersionDate "2018.10.10"]
[SourceQuality "1"]

1. c4 g6 2. d4 Bg7 3. Nc3 d6 4. e4 c6 5. Be3 Nd7 6. Qd2 e5 7. dxe5 dxe5 8. 0-0-0 Qa5 9. Kb1 Ne7 10. h4 h5 11. Bg5 f6 12. Be3 Qc7 13. f3 Nf8 14. Be2 Be6 15. g4 Nd7 16. Nh3 0-0-0 17. g5 f5 18. Qc2 Kb8 1-0